Statistiques concernant La lettre décisive : Pays #1

Cliquez ici pour prendre le quiz!

Statistiques générales

  • Ce quiz a été pris 9 671 fois
  • Le résultat moyen est 5 sur 20

Statistiques - réponses

MotLettrePays% Correct
PaonJJapon
100%
MineraiBBirmanie
58%
MoineauRRoumanie
44%
GantOTonga
35%
GalèreIAlgérie
30%
NeigeUGuinée
26%
HotelsOLesotho
24%
MélangeaLAllemagne
18%
AnéantiZTanzanie
18%
AtroceICroatie
15%
ItalienULituanie
15%
AsileRIsraël
14%
AnimateurIMauritanie
10%
DangerEGrenade
9%
LauréatsIAustralie
8%
AliensDIslande
8%
MineursASuriname
7%
RenardOAndorre
6%
DécodeursUCorée du Sud
5%
AutistesNEtats-Unis
5%

Distribution des résultats

Percentile par nombre de réponses

% des personnes avec chaque résultat

Votre développement - résultats

Vous n’avez pas pris ce quiz